02004naa a22002891i 45000010005000000030009000050050017000140080041000310400021000720410013000930440008001060800010001141000121001242450156002452460097004015000021004985200695005196500031012146500030012456550030012757000115013057110085014207730143015059420013016489990015016619520038016766853KOSZ 00520180428102736.0141114s1999 pl f |100 0 pol d cBPKdKOSZ 005/ac apolbeng aPOL a621.91 aBORKOWSKI, Józef.d1996 - .bPolitechnika Koszalińska - Wydział Mechaniczny,cKatedra Inżynierii Mechanicznej10aTechniczno-ekonomiczne aspekty przecinania materiałów skalnych wysokociśnieniową strugą hydrościerną /b cJózef Borkowski, Jerzy Chudy.30aTechnical and econimic aspects of rock materials cutting with highpressure hydroabrasive jet aDane z autopsji. aW artykule przedstawiono aspekty zagadnień związanych z poszukiwaniem optymalnych warunków obróbki materiałów skalnych przy użyciu wysokociśnieniowej strugi hydrościernej. W tym celu przeprowadzono odpowiednie badania modelowe. Na ich podstawie określono główne kryteria przeprowadzenia optymalizacji procesu cięcia. Są to: minimalizacja energochłonności procesu, minimalizacja czasu trwania operacji przecinania, minimalizacja zużycia materiału ściernego, minimalizacja kosztów przecinania. W ten sposób, drogą kolejnych przybliżeń, określono warunki pozwalające osiągać maksymalną efektywność procesu przecinania hydrościernago. 0aObróbka wodno-ścierna. 0aCięcie wodno-ścierne. 0aMateriały konferencyjne.1 aCHUDY, Jerzy.d1996 - .bPolitechnika Koszalińska - Wydział Mechaniczny,cKatedra Inżynierii Mechanicznej22aNaukowa Szkoła Obróbki Ściernejn(22 ;d1999 ;cGdańsk - Jurata, Polska).0 iW :tXXII Naukowa Szkoła Obróbki Ściernej : Gdańsk-Jurata, 8-10 września 1999 : referaty. - dGdańsk : WM PG, 1999. -gs. 75-80 cROZ2UKD c6853d6853 00104070aBPKbBPKo102740yROZ